The Tudor Monarchs of England Quiz Stats

 Plays Quiz Updated Mar 22, 2019

Score 0/6 Timer 02:00
5 Plays Today
Reign Answer % Correct
1485‒1509Henry VII of England
97.4%
1509‒1547Henry VIII of England
96%
1558‒1603Elizabeth I of England
93.9%
1553‒1558Mary I of England
85.3%
1547‒1553Edward VI of England
79.4%
1553*Lady Jane Grey
65.5%

You're not logged in!

Compare scores with friends on all Sporcle quizzes.
OR
Log In

Sporcle TV

Today on Sporcle TV


Watch our educational content, quiz creation guides, and fun videos on Sporcle TV.

Show Comments

Extras

Top Quizzes Today


Score Distribution

Your Account Isn't Verified!

In order to create a playlist on Sporcle, you need to verify the email address you used during registration. Go to your Sporcle Settings to finish the process.

Report this User

Report this user for behavior that violates our Community Guidelines.

Details: